5HLuxD.jpg

KING HENRY VIII SENIOR AND PRIMARY SCHOOL LIBRARY OPAC

Sherlock Holmes : (Record no. 1966)

000 -LEADER
fixed length control field 00944cam a2200289M 4500
001 - CONTROL NUMBER
control field 00230447
003 - CONTROL NUMBER IDENTIFIER
control field OCoLC
005 - DATE AND TIME OF LATEST TRANSACTION
control field 20230221113518.0
006 - FIXED-LENGTH DATA ELEMENTS--ADDITIONAL MATERIAL CHARACTERISTICS
fixed length control field m d
007 - PHYSICAL DESCRIPTION FIXED FIELD--GENERAL INFORMATION
fixed length control field cr |||||||||||
008 - FIXED-LENGTH DATA ELEMENTS--GENERAL INFORMATION
fixed length control field 120107s1986 nyu o 000 0 eng d
020 ## - INTERNATIONAL STANDARD BOOK NUMBER
International Standard Book Number 9780553212426
Terms of availability (pbk. : v. 2)
020 ## - INTERNATIONAL STANDARD BOOK NUMBER
International Standard Book Number 0553212427
Terms of availability (pbk. : v. 2)
035 ## - SYSTEM CONTROL NUMBER
System control number UM045598
035 ## - SYSTEM CONTROL NUMBER
System control number (OCoLC)756431234
040 ## - CATALOGING SOURCE
Original cataloging agency NTPU
Transcribing agency KH8
042 ## - AUTHENTICATION CODE
Authentication code nbic
082 0# - DEWEY DECIMAL CLASSIFICATION NUMBER
Classification number FIC DOY
100 ## - MAIN ENTRY--PERSONAL NAME
Personal name Doyle, Arthur Conan, Sir
Dates associated with a name 1859-1930.
Relator term author
245 00 - TITLE STATEMENT
Title Sherlock Holmes :
Remainder of title the complete novels and stories
Number of part/section of a work Vol. II /
Statement of responsibility, etc. Sir Arthur Conan Doyle ; with an introduction by Loren Estleman.
250 ## - EDITION STATEMENT
Edition statement Bantam Classic reissue ed.
260 ## - PUBLICATION, DISTRIBUTION, ETC.
Place of publication, distribution, etc. New York :
Name of publisher, distributor, etc. Bantam Dell,
Date of publication, distribution, etc. 2003, c1986.
300 ## - PHYSICAL DESCRIPTION
Extent xviii, 737 p. ;
Dimensions 18 cm.
650 #0 - SUBJECT ADDED ENTRY--TOPICAL TERM
Topical term or geographic name entry element Holmes, Sherlock (Fictitious character)
Form subdivision Fiction.
700 1# - ADDED ENTRY--PERSONAL NAME
Personal name Estleman, Loren D.
Relator term Writer of introduction
942 ## - ADDED ENTRY ELEMENTS (KOHA)
Source of classification or shelving scheme
Koha item type Books - Fiction
Holdings
Withdrawn status Lost status Source of classification or shelving scheme Damaged status Not for loan Collection code Permanent Location Current Location Shelving location Date acquired Full call number Barcode Date last seen Price effective from Koha item type
          Fiction KH8 Senior School Library KH8 Senior School Library Fiction 2023-02-21 FIC DOY 3KHSL000101982 2023-02-21 2023-02-21 Books - Fiction
          Fiction KH8 Senior School Library KH8 Senior School Library Fiction 2026-02-05 FIC DOY 3KHSL000102623 2026-02-05 2026-02-05 Books - Fiction

Powered By KH8 IT Dept